Выбор коммутационного оборудования и токоведущих частей электрической части электростанции: учебное пособие

Bibliographic Details
Corporate Author: Национальный исследовательский Томский политехнический университет
Other Authors: Уфа Р. А. Руслан Александрович, Космынина Н. М. Нина Михайловна, Суворов А. А. Алексей Александрович, Разживин И. А. Игорь Андреевич
Summary:В пособии рассмотрены цели, задачи, основные правила и этапы проектирования электрической части электростанции, обозначены особенности функционирования и требования к выбору силового оборудования электростанции. Приводится методика выбора коммутационного оборудования, токоведущих частей, измерительных трансформаторов тока и напряжения и структурных схем распределительных устройств. В приложении даны справочные данные и параметры выбираемого коммутационного оборудования, токоведущих частей, измерительных трансформаторов тока и напряжения, а также пример расчета токов короткого замыкания с помощью программного комплекса RastrWin. Предназначено для студентов, обучающихся по направлениям 13.03.02 и 13.04.02 "Электроэнергетика и электротехника" уровней бакалавриата и магистратуры соответственно.
Language:Russian
Published: Томск, Изд-во ТПУ, 2023
Subjects:
Format: Book
KOHA link:https://koha.lib.tpu.ru/cgi-bin/koha/opac-detail.pl?biblionumber=378388

MARC

LEADER 00000nam0a2200000 4500
001 378388
005 20240220093054.0
010 |a 9785438711254 
035 |a (RuTPU)RU\TPU\retro\35844 
090 |a 378388 
100 |a 20230530d2023 m y0rusy50 ca 
101 0 |a rus 
102 |a RU 
105 |a a j 001zy 
200 1 |a Выбор коммутационного оборудования и токоведущих частей электрической части электростанции  |e учебное пособие  |f Р. А. Уфа, Н. М. Космынина, А. А. Суворов, И. А. Разживин  |g Национальный исследовательский Томский политехнический университет 
210 |a Томск  |c Изд-во ТПУ  |d 2023 
215 |a 194 с.  |c ил. 
320 |a Библиогр.: с. 141-142 
320 |a Список сокращений: с. 140 
330 |a В пособии рассмотрены цели, задачи, основные правила и этапы проектирования электрической части электростанции, обозначены особенности функционирования и требования к выбору силового оборудования электростанции. Приводится методика выбора коммутационного оборудования, токоведущих частей, измерительных трансформаторов тока и напряжения и структурных схем распределительных устройств. В приложении даны справочные данные и параметры выбираемого коммутационного оборудования, токоведущих частей, измерительных трансформаторов тока и напряжения, а также пример расчета токов короткого замыкания с помощью программного комплекса RastrWin. Предназначено для студентов, обучающихся по направлениям 13.03.02 и 13.04.02 "Электроэнергетика и электротехника" уровней бакалавриата и магистратуры соответственно. 
452 1 |0 (RuTPU)RU\TPU\retro\36055  |y 978-5-4387-1125-4  |t Выбор коммутационного оборудования и токоведущих частей электрической части электростанции  |o учебное пособие  |f Р. А. Уфа, Н. М. Космынина, А. А. Суворов, И. А. Разживин  |g Национальный исследовательский Томский политехнический университет, Инженерная школа энергетики, Отделение электроэнергетики и электротехники  |c Томск  |n Изд-то ТПУ  |d 2023 
606 1 |a Электрические станции  |x Оборудование  |2 stltpush  |3 (RuTPU)RU\TPU\subj\27622  |9 51347 
610 1 |a электрические аппараты 
610 1 |a первичные цепи 
610 1 |a токоведущие части 
610 1 |a токи короткого замыкания 
610 1 |a расчет 
610 1 |a коммутационные аппараты 
610 1 |a электрический ток 
610 1 |a напряжение 
610 1 |a измерительные трансформаторы 
610 1 |a распределительные устройства 
610 1 |a учебные пособия 
610 1 |a труды учёных ТПУ 
675 |a 621.311.2.002.5(075.8)  |v 4 
701 1 |a Уфа  |b Р. А.  |c специалист в области электроэнергетики  |c доцент Томского политехнического университета, кандидат технических наук  |f 1988-  |g Руслан Александрович  |3 (RuTPU)RU\TPU\pers\30313  |9 14658 
701 1 |a Космынина  |b Н. М.  |c специалист в области электроэнергетики  |c доцент Томского политехнического университета, кандидат технических наук  |f 1953-  |g Нина Михайловна  |3 (RuTPU)RU\TPU\pers\26575  |9 12264 
701 1 |a Суворов  |b А. А.  |c специалист в области электроэнергетики  |c доцент Томского политехнического университета, кандидат технических наук  |f 1990-  |g Алексей Александрович  |3 (RuTPU)RU\TPU\pers\35125  |9 18400 
701 1 |a Разживин  |b И. А.  |c специалист в области электроэнергетики  |c доцент Томского политехнического университета, кандидат технических наук  |f 1989-  |g Игорь Андреевич  |3 (RuTPU)RU\TPU\pers\37755  |9 20507 
712 0 2 |a Национальный исследовательский Томский политехнический университет  |c (2009- )  |3 (RuTPU)RU\TPU\col\15902  |9 26305 
801 1 |a RU  |b 63413507  |c 20230530 
801 2 |a RU  |b 63413507  |c 20231020  |g RCR 
942 |c BK